Milosrdenstvo Pánovo nech ospevujú naveky. : (Modlitby za zomrelých). /

Uložené v:
Podrobná bibliografia
Hlavný autor: Jurko, Jozef (Author)
Médium: Kniha
Jazyk:Slovak
Vydané: Kapušany : Bens, vydavateľstvo, 2000
Vydanie:1. vyd.
Témy:
ISBN: 8088998034 (brož.)
Fyzický popis: 111 s.
Tagy: Pridať tag
Žiadne tagy, Buďte prvý kto otaguje tento záznam!

MARC

LEADER 00000nam a2200000 a 4500
001 000058607
003 SVKK
005 20001030000000.0
008 000918s2000 xo e sloo
020 |a 8088998034 (brož.) 
040 |a SVKKK  |b slo  |c SVKKK  |e AACR2 
041 0 |a slo 
044 |a xo  |c SK 
080 |a 243  |2 1997 
100 1 |a Jurko, Jozef  |4 aut 
245 1 0 |a Milosrdenstvo Pánovo nech ospevujú naveky. :  |b (Modlitby za zomrelých). /  |c Jozef Jurko...[et al.] 
250 |a 1. vyd. 
260 |a Kapušany :  |b Bens, vydavateľstvo,  |c 2000 
300 |a 111 s. 
653 0 |a modlitby  |2 SVKKKPH 
655 7 |a príručky  |2 SVKKKPH 
910 |a svkkk 
919 |a 80-88998-03-4 
974 |a UH  |d 20001006 
974 |a KL  |d 20001005 
974 |a MI  |d 20001030 
998 |a BK 
090 |g SCKHL  |k Sklad Hlavná 10 prízemie  |a I.70314  |j 934975  |i 2720399628  |s Absenčne